Менеджмент процессов проектных работ с использованием сетей Петри; Молодежь и современные информационные технологии

Bibliographische Detailangaben
Parent link:Молодежь и современные информационные технологии.— 2013.— [С. 241-243]
1. Verfasser: Кузенков В. З.
Weitere Verfasser: Зебзеев А. Г. Алексей Григорьевич, Громаков Е. И. Евгений Иванович
Zusammenfassung:Заглавие с титульного экрана
Sprache:Russisch
Veröffentlicht: 2013
Schriftenreihe:Автоматизация и управление в технических системах
Schlagworte:
Online-Zugang:http://www.lib.tpu.ru/fulltext/c/2013/C04/109.pdf
Format: MixedMaterials Elektronisch Buchkapitel
KOHA link:https://koha.lib.tpu.ru/cgi-bin/koha/opac-detail.pl?biblionumber=603781

MARC

LEADER 00000naa2a2200000 4500
001 603781
005 20260204135810.0
035 |a (RuTPU)RU\TPU\conf\980 
035 |a RU\TPU\conf\978 
090 |a 603781 
100 |a 20140205d2013 k y0rusy50 ca 
101 0 |a rus 
102 |a RU 
135 |a drnn ---uucaa 
181 0 |a i  
182 0 |a b 
200 1 |a Менеджмент процессов проектных работ с использованием сетей Петри  |f В. З. Кузенков, А. Г. Зебзеев, Е. И. Громаков 
203 |a Текст  |c электронный 
225 1 |a Автоматизация и управление в технических системах 
300 |a Заглавие с титульного экрана 
320 |a [Библиогр.: с. 243 (3 назв.)] 
337 |a Adobe Reader 
463 1 |0 (RuTPU)RU\TPU\conf\515  |t Молодежь и современные информационные технологии  |o сборник трудов XI Международной научно-практической конференции студентов, аспирантов и молодых ученых, г. Томск, 13-16 ноября 2013 г.  |f Национальный исследовательский Томский политехнический университет (ТПУ) ; под ред. Е. А. Сикоры и др.  |v [С. 241-243]  |d 2013 
610 1 |a труды учёных ТПУ 
610 1 |a электронный ресурс 
610 1 |a менеджмент процессов 
610 1 |a проектные работы 
610 1 |a сети Петри 
700 1 |a Кузенков  |b В. З. 
701 1 |a Зебзеев  |b А. Г.  |c специалист в области информатики и вычислительной техники, экономист-менеджер  |c доцент Томского политехнического университета, кандидат технических наук  |f 1987-  |g Алексей Григорьевич  |3 (RuTPU)RU\TPU\pers\47260 
701 1 |a Громаков  |b Е. И.  |c специалист в области автоматизированных систем управления  |c доцент Томского политехнического университета, кандидат технических наук  |f 1943-  |g Евгений Иванович  |3 (RuTPU)RU\TPU\pers\25727  |9 11629 
801 2 |a RU  |b 63413507  |c 20220622  |g RCR 
856 4 |u http://www.lib.tpu.ru/fulltext/c/2013/C04/109.pdf 
942 |c CF